Central Library OPAC University of Rajshahi

Agenda-setting / (Record no. 57554)

MARC details
000 -LEADER
fixed length control field 00912nam a2200277 a 4500
001 - CONTROL NUMBER
control field 57554
003 - CONTROL NUMBER IDENTIFIER
rucl marc code BD-RjUL
005 - DATE AND TIME OF LATEST TRANSACTION
control field 20211209080527.0
008 - FIXED-LENGTH DATA ELEMENTS--GENERAL INFORMATION
fixed length control field 161210s1996 caua b 001 0 eng d
020 ## - INTERNATIONAL STANDARD BOOK NUMBER
International Standard Book Number 0761905626 (cloth)
International Standard Book Number 0761905634 (pap.)
035 ## - SYSTEM CONTROL NUMBER
System control number (BD-RjUL)57678
040 ## - CATALOGING SOURCE
Original cataloging agency CSluSP
Transcribing agency CSluSP
Modifying agency BD-RjUL
Language of cataloging eng
041 ## - LANGUAGE CODE
Language code of text/sound track or separate title eng
082 00 - DEWEY DECIMAL CLASSIFICATION NUMBER
Classification number 302.230973
Edition number 23
Author mark and year DEA 1996
100 1# - MAIN ENTRY--PERSONAL NAME
Personal name Dearing, James W.
9 (RLIN) 170906
245 10 - TITLE STATEMENT
Title Agenda-setting /
Statement of responsibility, etc. James W. Dearing, Everett M. Rogers.
260 ## - PUBLICATION, DISTRIBUTION, ETC. (IMPRINT)
Place of publication, distribution, etc. Thousand Oaks, Calif. :
Name of publisher, distributor, etc. Sage,
Date of publication, distribution, etc. c1996.
300 ## - PHYSICAL DESCRIPTION
Pagination x, 139 p. :
Illustrations ill. ;
Size 22 cm.
504 ## - BIBLIOGRAPHY, ETC. NOTE
Bibliography, etc Includes bibliographical references (p. 101-128) and indexes.
650 #0 - SUBJECT ADDED ENTRY--TOPICAL TERM
Topical term or geographic name as entry element Mass media
General subdivision Political aspects
Geographic subdivision United States.
9 (RLIN) 170908
700 1# - ADDED ENTRY--PERSONAL NAME
Personal name Rogers, Everett M.
830 ## - SERIES ADDED ENTRY--UNIFORM TITLE
Uniform title Communication concepts ;
Volume number/sequential designation 6
942 ## - ADDED ENTRY ELEMENTS (KOHA)
Source of classification or shelving scheme Dewey Decimal Classification
Koha item type Books
Holdings
Lost status Source of classification or shelving scheme Damaged status Not for loan Collection code Permanent Location Current Location Shelving location Date acquired Source of acquisition Cost, normal purchase price Total Checkouts Full call number Date last seen Copy number Koha item type
  Dewey Decimal Classification   Not For Loan Non-fiction Central Library, University of Rajshahi Central Library, University of Rajshahi Reading Room 24/07/2003 Dhaka, Ankur Prakashani 1732.00   302.230973 DEA 1996 10/12/2016 C-1 Books